00633 2200193 4500001002100000005001500021035002000036007000300056008004100059020002200100082000800122084001400130100002000144245018500164260004000349300002400389650001000413990001600423INLIS00000000000036120221026103005 a0010-1022000103ta221026 b 1 ind  a978-602-252-881-4 a398 a398 TIM c0 aTim Penulis EFK1 aCerita Rakyat Nusantara 1 :bAsal Mula Selat Bali; Asal Usul Danau Toba; Legenda Aryo Menak; Legenda Calon Arang; Asal Mula Bunga Kemuning; Legenda Gunung Arjuna /cTim Penulis EFK aJakarta :bErlangga For Kids,c2014 a75 halaman ;c24 cm 4afiksi a00000000459